000 00434nam a2200193Ia 4500
003 OSt
005 20260204151525.0
008 250729s1900 xx 000 0 und d
040 _cAL
041 _aeng
082 _a301 FERK
100 _aFernandes Praveen
_9228453
245 _aKaadu Gollas
260 _aMangalore
300 _a36p
650 _aSociology
_9228454
700 _aFeo Digumurthi
_9228455
942 _2ddc
_cBED
999 _c238002
_d238002